00197nam a2200073Ia 4500008004100000100001500041245004700056260002000103180219s9999 xx 000 0 und d aChhaya M P 0aEffective Principals And Effective Schools aNew Delhi A P H